| 000 -LEADER |
| fixed length control field |
00794cam a22002412 4500 |
| 001 - CONTROL NUMBER |
| control field |
4759 |
| 003 - CONTROL NUMBER IDENTIFIER |
| control field |
BD-DhUAP |
| 005 - DATE AND TIME OF LATEST TRANSACTION |
| control field |
20210120110841.0 |
| 008 - FIXED-LENGTH DATA ELEMENTS--GENERAL INFORMATION |
| fixed length control field |
210120s1995 waua 000 0 eng |
| 020 ## - INTERNATIONAL STANDARD BOOK NUMBER |
| International Standard Book Number |
0821335340 |
| 040 ## - CATALOGING SOURCE |
| Original cataloging agency |
DLC |
| Transcribing agency |
DLC |
| Modifying agency |
BD-DhUAP |
| Language of cataloging |
eng |
| 082 ## - DEWEY DECIMAL CLASSIFICATION NUMBER |
| Edition number |
23 |
| Classification number |
658.4038011 SCH |
| 100 ## - MAIN ENTRY--PERSONAL NAME |
| Personal name |
Schware, Robert. |
| 245 00 - TITLE STATEMENT |
| Title |
Information technology and national trade facilitation : |
| Remainder of title |
Guide to best practice / |
| Statement of responsibility, etc. |
Robert Schware and Paul Kimberley. |
| 260 ## - PUBLICATION, DISTRIBUTION, ETC. |
| Place of publication, distribution, etc. |
Washington, D.C. : |
| Name of publisher, distributor, etc. |
The World Bank, |
| Date of publication, distribution, etc. |
c1995. |
| 300 ## - PHYSICAL DESCRIPTION |
| Extent |
xii, 132 pages : |
| Other physical details |
illustrations ; |
| Dimensions |
28 cm. |
| 490 ## - SERIES STATEMENT |
| Series statement |
World Bank technical paper ; |
| Volume/sequential designation |
no. 317. |
| 650 #0 - SUBJECT ADDED ENTRY--TOPICAL TERM |
| Topical term or geographic name entry element |
Business planning. |
| 650 #0 - SUBJECT ADDED ENTRY--TOPICAL TERM |
| Topical term or geographic name entry element |
Electronic data interchange. |
| 650 #0 - SUBJECT ADDED ENTRY--TOPICAL TERM |
| Topical term or geographic name entry element |
Information technology. |
| 700 ## - ADDED ENTRY--PERSONAL NAME |
| Personal name |
Kimberley, Paul. |
| 942 ## - ADDED ENTRY ELEMENTS (KOHA) |
| Source of classification or shelving scheme |
|
| Koha item type |
Book |